[Event "Tbilisi"]
[Site "Tbilisi"]
[Date "1983.??.??"]
[Round "?"]
[White "Oll, Lembit"]
[Black "Gufeld, Eduard"]
[Result "0-1"]
[WhiteElo "2445"]
[BlackElo "2480"]

1.e4 c5 2.Nf3 e6 3.d4 cxd4 4.Nxd4 Nf6 5.Nc3 g6 6.Be3 Bg7 7.f3 Nc6 8.Qd2 O-O
9.O-O-O d5 10.exd5 Nxd5 11.Nxc6 bxc6 12.Bd4 e5 13.Bc5 Be6 14.Ne4 Rb8 15.c4 Re8
16.g4 Nb6 17.Qc2 Nd7 18.h4 Qa5 19.Ba3 Nf6 20.g5 Nxe4 21.fxe4 Bf8 22.Bxf8 Rxf8
23.Kb1 Rfd8 24.Bd3 Rd4 25.Qe2 Qb4 26.b3 a5 27.Kb2 a4 28.Qe1 Qd6 29.Bc2 Bxc4
30.Qc3 axb3 31.axb3 Bxb3  0-1

[Event "EU-ch U20"]
[Site "Groningen"]
[Date "1984.??.??"]
[Round "11"]
[White "Thorsteins, Karl"]
[Black "Oll, Lembit"]
[Result "1/2-1/2"]
[WhiteElo "2375"]
[BlackElo "2425"]

1.d4 Nf6 2.c4 c5 3.d5 g6 4.Nc3 Bg7 5.e4 O-O 6.Bd3 e6 7.h3 exd5 8.exd5 Re8+
9.Nge2 d6 10.Bg5 Nbd7 11.f4 h6 12.Bh4 b5 13.Nxb5 Rb8 14.O-O Qb6 15.Nec3 Ra8
16.Qc2 a6 17.Na4 Qb8 18.Nbc3 Nb6 19.Nxb6 Qxb6  1/2-1/2

[Event "URS-ch otbor"]
[Site "Norilsk"]
[Date "1987.??.??"]
[Round "?"]
[White "Timoshchenko, Gennadi A"]
[Black "Oll, Lembit"]
[Result "1/2-1/2"]
[WhiteElo "2490"]
[BlackElo "2465"]

1.d4 Nf6 2.c4 e6 3.Nc3 Bb4 4.e3 c5 5.Bd3 Nc6 6.Ne2 cxd4 7.exd4 d5 8.cxd5 Qxd5
9.O-O Qh5 10.Ne4 Nxe4 11.Bxe4 O-O 12.Qd3 Bd6 13.Nf4 Bxf4 14.Bxf4 Rd8 15.Qe3 Ne7
16.Rad1 Nd5 17.Qg3 Bd7 18.Be5 Qh6 19.Bxd5 exd5 20.Qb3 Bc6 21.Rd3 f6  1/2-1/2

[Event "URS-FL"]
[Site "Sverdlovsk"]
[Date "1987.??.??"]
[Round "?"]
[White "Timoshchenko, Gennadi A"]
[Black "Oll, Lembit"]
[Result "1/2-1/2"]
[WhiteElo "2490"]
[BlackElo "2465"]

1.d4 Nf6 2.c4 e6 3.Nc3 Bb4 4.e3 c5 5.Bd3 Nc6 6.Ne2 cxd4 7.exd4 d5 8.cxd5 Nxd5
9.O-O Nf6 10.Bc2 h6 11.Qd3 Bd6 12.a3 Ne7 13.Bf4 O-O 14.Rad1 Bxf4 15.Nxf4 b6
16.Ne4 Nf5 17.Nxf6+ Qxf6 18.Nh5 Qg5 19.Ng3 Bb7 20.f4 Qg4 21.Rd2 g6 22.Bd1 Qh4
23.Nxf5 gxf5 24.Bf3 Rab8 25.Qe3 Rfd8 26.Qe5 Qe7 27.Bxb7 Rxb7 28.Rd3 Kh7 29.Rg3 f6
30.Qe2 Rxd4 31.Re3 Qc5 32.b4 Qd5 33.Rxe6 Rd2 34.Re7+ Rxe7  1/2-1/2

[Event "Armed Forces-ch "]
[Site "Sverdlovsk"]
[Date "1987.??.??"]
[Round "?"]
[White "Timoshchenko, Gennadi A"]
[Black "Oll, Lembit"]
[Result "1/2-1/2"]
[WhiteElo "2495"]
[BlackElo "2440"]

1.d4 Nf6 2.c4 e6 3.Nc3 Bb4 4.e3 c5 5.Bd3 Nc6 6.Ne2 cxd4 7.exd4 d5 8.cxd5 Nxd5
9.O-O Nf6 10.Bc2 h6 11.Qd3 Bd6 12.a3 Ne7 13.Bf4 O-O 14.Rad1 Bxf4 15.Nxf4 b6
16.Nh5 Ng6 17.Nxf6+ Qxf6 18.d5 Rd8 19.Qe3 Ba6 20.Rfe1 exd5 21.Nxd5 Qxb2 22.Bxg6 fxg6
23.Rd2 Qb5 24.Nf6+ Kh8 25.Rd7 Qxd7 26.Nxd7 Rxd7 27.Qe6 Rad8 28.Qxg6 Rd1 29.Qe4 Bc4
30.h3 Bg8 31.Rxd1 Rxd1+ 32.Kh2 Rd2 33.f3 a5 34.a4 Rb2 35.Qe8 Rb4 36.g4 Kh7
37.g5 Rf4 38.g6+ Kh8 39.h4 Rxf3 40.h5 Rb3 41.Kg2 b5 42.Kf2 b4 43.Ke2 Rg3
44.Kd2 Rg5 45.Kc2 Rxh5 46.Kb2 Rh2+ 47.Kb1 Rh1+ 48.Kb2 Rh2+ 49.Kb1 Rg2 50.Kc1 Rg1+
51.Kb2 Rg2+ 52.Kb1 Rg1+ 53.Kb2 Rd1 54.Qb8 Rd2+ 55.Kc1 Rd3 56.Kb2 Rb3+ 57.Kc1 Rc3+
58.Kb2 Rc5 59.Qe8 Rd5 60.Qb8 Rf5 61.Qd8 Rg5 62.Qb6 b3 63.Kc1 h5 64.Kb2 Rg2+
65.Kc1 b2+ 66.Kb1 Rxg6 67.Qxa5 Rg2 68.Qa8 Re2 69.a5 h4 70.a6 h3 71.a7 h2
72.Qxg8+ Kxg8 73.a8=Q+ Kh7 74.Qh1 Kh6 75.Qf1 g5 76.Qh3+ Kg7 77.Qc3+ Kh6 78.Qh3+ Kg6
79.Qd3+ Kh6  1/2-1/2

[Event "Vilnius"]
[Site "Vilnius"]
[Date "1988.??.??"]
[Round "?"]
[White "Oll, Lembit"]
[Black "Dokhoian, Yury"]
[Result "1/2-1/2"]
[WhiteElo "2465"]
[BlackElo "2515"]

1.c4 e6 2.Nc3 d5 3.d4 Nf6 4.Nf3 dxc4 5.e4 Bb4 6.Bg5 c5 7.Bxc4 cxd4 8.Nxd4 Bxc3+
9.bxc3 Qa5 10.Bxf6 Qxc3+ 11.Kf1 gxf6 12.Rc1 Qa5 13.Bb5+ Ke7 14.e5 fxe5 15.Qh5 Nd7
16.Qg5+ Kf8 17.Rxc8+ Rxc8 18.Bxd7 Qd8 19.Nxe6+ fxe6 20.Qh6+ Kf7 21.Qxe6+ Kf8
22.Qf5+ Ke7 23.Qe6+ Kf8 24.Qf5+  1/2-1/2

[Event "URS-ch U26"]
[Site "Tbilisi"]
[Date "1989.??.??"]
[Round "?"]
[White "Oll, Lembit"]
[Black "Ulibin, Mikhail"]
[Result "1-0"]
[WhiteElo "2510"]
[BlackElo "2445"]

1.e4 e6 2.d4 d5 3.Nc3 Bb4 4.e5 c5 5.a3 Bxc3+ 6.bxc3 Ne7 7.Qg4 O-O 8.Bd3 Nbc6
9.Qh5 h6 10.Bxh6 gxh6 11.Qxh6 Nf5 12.Bxf5 exf5 13.Nh3 f6 14.Qg6+ Kh8 15.Qh6+ Kg8
16.Qg6+ Kh8 17.O-O-O fxe5 18.Qh6+ Kg8 19.Qg6+ Kh8 20.Rd3 f4 21.Qh6+ Kg8 22.Qg6+ Kh8
23.Qh6+ Kg8 24.Rg3+ fxg3 25.Qg6+ Kh8 26.hxg3 Qh4 27.gxh4 Bf5 28.Qh6+ Kg8
29.Ng5 exd4 30.Rh3 Ne5 31.Rg3 Bg6 32.Ne6 Kf7 33.Nxf8 Rxf8 34.Qf4+  1-0

[Event "Debrecen"]
[Site "Debrecen"]
[Date "1990.??.??"]
[Round "2"]
[White "Oll, Lembit"]
[Black "Romanishin, Oleg M"]
[Result "0-1"]
[WhiteElo "2570"]
[BlackElo "2525"]

1.c4 e5 2.g3 Nf6 3.Bg2 d5 4.cxd5 Nxd5 5.Nc3 Nb6 6.Nf3 Nc6 7.O-O Be7 8.d3 O-O
9.Be3 Be6 10.Rc1 Nd5 11.Nxd5 Bxd5 12.Qa4 Re8 13.h4 a6 14.a3 Rb8 15.Rfe1 Bf8
16.Ng5 Bxg2 17.Kxg2 h6 18.Ne4 f5 19.Qc4+ Kh7 20.Nc5 Bxc5 21.Bxc5 Qf6 22.e3 Rbd8
23.Bb4 Rd7 24.Red1 Red8 25.Rd2 Rd5 26.Rdd1 R8d7 27.Rc2 Qg6 28.Rdd2 a5 29.Bc3 b5
30.Qb3 a4 31.Qa2 f4 32.Qb1 fxe3 33.fxe3 Rxd3 34.Rxd3 Rxd3 35.Re2 Nd4 36.Bxd4 exd4
37.Qc1 Qe4+ 38.Kf2 Qf5+ 39.Kg2 c5  0-1

[Event "Helsinki SKF op"]
[Site "Helsinki"]
[Date "1990.??.??"]
[Round "?"]
[White "Ornstein, Axel"]
[Black "Oll, Lembit"]
[Result "1/2-1/2"]
[WhiteElo "2445"]
[BlackElo "2570"]

1.d4 Nf6 2.c4 e6 3.Nc3 Bb4 4.e3 c5 5.Ne2 d5 6.a3 Bxc3+ 7.Nxc3 cxd4 8.exd4 dxc4
9.Bxc4 Nc6 10.d5 exd5 11.Nxd5 Be6 12.Nxf6+ Qxf6 13.Bxe6 Qxe6+ 14.Be3  1/2-1/2

[Event "Clichy op"]
[Site "Clichy"]
[Date "1991.??.??"]
[Round "5"]
[White "Oll, Lembit"]
[Black "Kaunas, Kestutis"]
[Result "1-0"]
[WhiteElo "2560"]
[BlackElo "2335"]

1.e4 Nf6 2.e5 Nd5 3.d4 d6 4.Nf3 Bg4 5.Be2 Nc6 6.O-O e6 7.c4 Nb6 8.exd6 cxd6
9.d5 exd5 10.cxd5 Bxf3 11.gxf3 Ne5 12.Bb5+ Nbd7 13.Re1 Be7 14.f4 Ng6 15.f5 Ne5
16.Nc3 a6 17.Bxd7+ Nxd7 18.Bg5 f6 19.Qh5+ Kf8 20.Bd2 Qe8 21.Qh3 Qf7 22.Re3 Kg8
23.Ne2 Ne5 24.Nf4 g5 25.Rg3 h5 26.Bc3 h4 27.Rg2 Kh7 28.Ne6 Qh5 29.f4 g4 30.fxe5 Rhg8
31.Qd3 dxe5 32.d6 Bd8 33.Qe4 Bb6+ 34.Kh1 Rab8 35.d7 h3 36.Rg3 Bf2 37.Rd1 Bxg3
38.hxg3  1-0

[Event "Helsinki"]
[Site "Helsinki"]
[Date "1991.??.??"]
[Round "?"]
[White "Yrjola, Jouni"]
[Black "Oll, Lembit"]
[Result "1/2-1/2"]
[WhiteElo "2505"]
[BlackElo "2560"]

1.d4 Nf6 2.c4 e6 3.Nc3 Bb4 4.e3 c5 5.Bd3 cxd4 6.exd4 d5 7.cxd5 Nxd5 8.Ne2 Nc6
9.O-O Nf6 10.Bc2 h6 11.Qd3 Bd6 12.Ne4 Nxe4 13.Qxe4 Nb4 14.Bb3 O-O 15.Bf4 Re8
16.Rac1 Nd5 17.Bxd6 Qxd6 18.Bxd5 Qxd5 19.Qxd5 exd5 20.Nf4 Re4 21.Nxd5 Be6
22.Nc7 Rd8 23.d5 Bf5 24.f3 Re7 25.g4 Bg6 26.Rfe1 Kf8 27.Kf2 a6 28.Rxe7 Kxe7
29.Re1+ Kd7 30.d6 Rg8 31.Rd1 f6 32.Nd5 Bf7 33.Ne7 Rd8 34.a3 h5 35.h3 Rh8
36.Kg3 g6 37.f4 hxg4 38.hxg4 g5 39.fxg5 fxg5 40.Nf5 Be8 41.Ng7 Rh6 42.Rd4 Rg6
43.Nf5 Rf6 44.Ne3 Bf7 45.Rb4 b5 46.a4 Kxd6 47.axb5 Kc5 48.Re4 axb5 49.b4+ Kd6
50.Nf5+  1/2-1/2

[Event "Oviedo rapid"]
[Site "Oviedo"]
[Date "1991.??.??"]
[Round "7"]
[White "Comas Fabrego, Luis"]
[Black "Oll, Lembit"]
[Result "0-1"]
[WhiteElo "2375"]
[BlackElo "2560"]

1.d4 Nf6 2.c4 e6 3.Nc3 Bb4 4.Bg5 h6 5.Bh4 O-O 6.e3 d5 7.cxd5 exd5 8.Bd3 Nbd7
9.Ne2 c5 10.O-O c4 11.Bf5 Nb6 12.Qc2 Bxf5 13.Qxf5 Qd7 14.Qf3 Nh7 15.a3 Bxc3
16.bxc3 Ng5 17.Bxg5 hxg5 18.Qg3 Qe7 19.a4 Rad8 20.Rfb1 Rd7 21.Qe5 Qd8 22.Rb5 Re8
23.Qf5 Nc8 24.Qb1 b6 25.Ng3 g6 26.h3 Kg7 27.Ra2 f5 28.Nf1 Rh8 29.a5 g4 30.axb6 axb6
31.hxg4 Qh4 32.Ng3 f4 33.exf4 Qh2+ 34.Kf1 Re7 35.Ne2 Rxe2 36.Rxb6 Nxb6 37.Ra7+ Kh6  0-1

[Event "Alekhine op"]
[Site "Moscow"]
[Date "1992.??.??"]
[Round "?"]
[White "Bagirov, Vladimir"]
[Black "Oll, Lembit"]
[Result "1/2-1/2"]
[WhiteElo "2500"]
[BlackElo "2600"]

1.Nf3 Nf6 2.c4 e6 3.g3 d5 4.b3 Be7 5.Bb2 O-O 6.Bg2 c5 7.O-O Nc6 8.e3 Re8
9.Qe2 Bf8 10.d4 cxd4 11.exd4 b6 12.Ne5 Bb7 13.Nd2 Rc8 14.Rfd1 dxc4 15.Ndxc4 Nd5
16.Rac1 Nce7 17.Ne3 Nxe3 18.fxe3 Bxg2 19.Qxg2 Nd5 20.Qf3 Qf6 21.Kg2 Bd6 22.Nc4 Bf8
23.e4 Qxf3+ 24.Kxf3 Nb4 25.a3 Nc6 26.d5 exd5 27.exd5 Nb8 28.Ne5 f6 29.Nd3 Kf7
30.b4  1/2-1/2

[Event "Sevilla op"]
[Site "Sevilla"]
[Date "1992.??.??"]
[Round "7"]
[White "Oll, Lembit"]
[Black "Tal, Mihail"]
[Result "1-0"]
[WhiteElo "2600"]
[BlackElo "2525"]

1.e4 e6 2.d4 d5 3.Nd2 dxe4 4.Nxe4 Nd7 5.Nf3 Be7 6.Bf4 Ngf6 7.Nxf6+ Nxf6 8.Bd3 c5
9.dxc5 Qa5+ 10.c3 Qxc5 11.O-O O-O 12.Ne5 Nd5 13.Bg3 g6 14.Qc2 Rd8 15.Be4 Bd7
16.Rfe1 Be8 17.Qb3 b5 18.Rad1 a5 19.a3 Ra7 20.Bxd5 Rxd5 21.Rxd5 Qxd5 22.Qxd5 exd5
23.Nd3 f6 24.f3 Kf7 25.Bf2 Rb7 26.b4 Rb8 27.bxa5 Ra8 28.Bb6 Bxa3 29.Ra1 Bd6
30.a6 Bc6 31.Bd4 Ke6 32.a7 Rc8 33.Ra6 Kd7 34.Bxf6 Ba8 35.Rb6 Rc7 36.Bd4 Rb7
37.Ra6 b4 38.Bc5 bxc3 39.Rxd6+ Kc7 40.Re6 Rb1+ 41.Re1  1-0

[Event "Antwerp op"]
[Site "Antwerp"]
[Date "1994.??.??"]
[Round "1"]
[White "Monte, Peter"]
[Black "Oll, Lembit"]
[Result "0-1"]
[WhiteElo "2190"]
[BlackElo "2615"]

1.e4 c5 2.g3 d5 3.exd5 Qxd5 4.Nf3 Bg4 5.Bg2 Qe6+ 6.Kf1 Bh3 7.d4 cxd4 8.Nxd4 Qc4+
9.Kg1 Bxg2 10.Kxg2 e6 11.b3 Qc8 12.Bb2 Nf6 13.c4 Be7 14.Re1 O-O 15.Nf5 Bd8
16.Nxg7 Kxg7 17.Qg4+ Kh8 18.Qh4 Nd7 19.Nd2 e5 20.Rad1 Qc6+ 21.Nf3 Bc7 22.Rd3 Rae8
23.Kg1 Rg8 24.Ng5 Rg7 25.Red1 Kg8 26.b4 a6 27.c5 Qa4 28.R1d2 a5 29.a3 axb4
30.axb4 b6 31.cxb6 Bxb6 32.Rd6 Qb5 33.Ne4 Nxe4 34.Qxe4 Nf8 35.R2d5 Qa6 36.Kg2 Qb7
37.f3 Bc7 38.Rf6 Ng6 39.Bc1 Qa8 40.Bh6 Nf4+ 41.Rxf4 exf4 42.Qc4 Rd8 43.Qc3 Rg6
44.Rg5 Qa2+ 45.Kh3 Qe6+ 46.Kg2 Rxg5 47.Bxg5 Ra8  0-1

[Event "Helsinki PC-SuperSto"]
[Site "Helsinki"]
[Date "1995.??.??"]
[Round "?"]
[White "Niemela, Antti"]
[Black "Oll, Lembit"]
[Result "1/2-1/2"]
[WhiteElo "2190"]
[BlackElo "2610"]

1.d4 Nf6 2.c4 e6 3.Nc3 Bb4 4.e3 c5 5.Ne2 cxd4 6.exd4 O-O 7.a3 Be7 8.Nf4 b6
9.Be2 Bb7 10.O-O d6 11.Be3 Nbd7 12.Rc1 Re8 13.b4 Bf8 14.Qb3 Rc8 15.Rfd1 Qc7
16.h3 Qb8 17.Bf1 g6 18.a4 Ba8 19.Ra1 h6 20.a5 g5 21.Nd3 d5 22.cxd5 Nxd5 23.Nxd5 Bxd5
24.Qb2 Bg7 25.Rac1 Qd6 26.axb6 axb6 27.b5 Bc4 28.Nb4 Bxf1 29.Rxf1 Nf6 30.Rc6 Qd8
31.Rfc1 Ra8 32.Qb3 Nd5 33.Nxd5 exd5 34.Qd3 Re4 35.f3 Re7 36.Bf2 Rea7 37.Qf5 Ra1
38.Rxa1 Rxa1+ 39.Kh2 Ra8 40.Bg3 Qe8  1/2-1/2

[Event "NLD-chT9596"]
[Site "?"]
[Date "1995.??.??"]
[Round "?"]
[White "Piskov, Yury"]
[Black "Oll, Lembit"]
[Result "1/2-1/2"]
[WhiteElo "2540"]
[BlackElo "2610"]

1.d4 Nf6 2.Nf3 d5 3.c4 e6 4.e3 c6 5.Bd3 Nbd7 6.O-O Bd6 7.Nc3 O-O 8.e4 dxe4
9.Nxe4 Nxe4 10.Bxe4 h6 11.Bc2 e5 12.c5 Bc7 13.Qd3 f5 14.Qc4+ Kh8 15.dxe5 Nxe5  1/2-1/2

[Event "Yerevan ol (Men)"]
[Site "Yerevan"]
[Date "1996.??.??"]
[Round "11"]
[White "Georgiev, Kiril"]
[Black "Oll, Lembit"]
[Result "1-0"]
[WhiteElo "2620"]
[BlackElo "2620"]

1.e4 c5 2.Nf3 d6 3.d4 cxd4 4.Nxd4 Nf6 5.Nc3 a6 6.Be2 e6 7.a4 Be7 8.a5 O-O
9.Be3 Qc7 10.O-O Nbd7 11.Nb3 b5 12.axb6 Nxb6 13.Qd4 Rb8 14.Bxa6 d5 15.exd5 Nfxd5
16.Bd3 Nxe3 17.Qxe3 Bb7 18.Nb5 Qc6 19.Qh3 g6 20.Na5 Qc5 21.Nxb7 Rxb7 22.Qf3 Rd7
23.Nc3 Nc4 24.Ne4 Qd4 25.Bxc4 Qxc4 26.c3 f5 27.Ng3 Rd2 28.Ra7 Bc5 29.Rb7 Rfd8
30.b4 R2d3 31.Qe2 Bd6 32.Rc1 Bf8 33.Nf1 Bh6 34.Re1 Rxc3 35.Qe5 Qd5 36.Qxc3 Qxb7
37.Rxe6 Bf8 38.Qb3 Qd5 39.Re3 f4 40.Rf3 Qxb3 41.Rxb3 Rd7 42.g3 fxg3 43.hxg3 Kf7
44.Ne3 Ke6 45.Kg2 Rd4 46.b5 Kd7 47.b6 Bd6 48.Rc3 Rb4 49.Nd5 Rb5 50.Nf6+ Ke6
51.Nxh7 Rxb6 52.Re3+ Kf7 53.Rf3+ Kg8 54.Nf6+ Kg7 55.Ne8+ Kg8 56.Nf6+ Kg7
57.Ne4 Be7 58.Kh3 Ra6 59.Rd3 Kf7 60.Rb3 Ra4 61.Re3 Kf8 62.Re2 Kf7 63.Kg4 Rb4
64.f3 Ra4 65.Rc2 Rb4 66.Ra2 Rc4 67.Ra6 Rb4 68.Kf4 Rb5 69.Rc6 Ra5 70.Rc7 Ke6
71.Rb7 Ra4 72.Kg4 Kf7 73.Kh3 Ke6 74.Rb6+ Kf7 75.Rc6 Ra5 76.Rc1 Ra3 77.Kg4 Ra4
78.Rh1 Kg7 79.Rh2 Rb4 80.Re2 Kf7 81.f4 Rb3 82.Re1 Ra3 83.Rh1 Kg7 84.Rc1 Ra4
85.Re1 Ra3 86.Re2 Kf7 87.Rb2 Ra4 88.Re2 Ra3 89.Nf2 Rb3 90.Rc2 Ra3 91.Rc6 Rb3
92.Rc7 Kf8 93.Ne4 Rd3 94.Rb7 Ke8 95.Nf2 Ra3 96.Nh3 Ra5 97.Ng1 Bf6 98.Nf3 Kf8
99.Rd7 Ke8 100.Rd3 Kf7 101.Rb3 Kf8 102.Re3 Kg7 103.Re4 Rb5 104.Nd2 Rd5 105.Nf3 Rb5
106.Rc4 Rd5 107.Rb4 Kf7 108.Ra4 Kg7 109.Ra2 Kf7 110.Nd2 Rd4 111.Ra7+ Kf8
112.Nb3 Rc4 113.Nd2 Rd4 114.Nf3 Rd5 115.Ng1 Bd4 116.Ra8+ Kf7 117.Nh3 Bf6
118.Nf2 Be7 119.Ra4 Rd2 120.Kf3 Bc5 121.Ne4 Rc2 122.Ng5+ Kg7 123.Ra6 Be7
124.Ra7 Kf8 125.Ne6+ Kf7 126.Nd4 Rc4 127.Ke4 Kf6 128.g4 g5  1-0

[Event "TCN Cup 3rd "]
[Site "Beijing"]
[Date "1997.08.19"]
[Round "1"]
[White "Xie Jun"]
[Black "Oll, Lembit"]
[Result "1/2-1/2"]
[WhiteElo "2495"]
[BlackElo "2645"]

1.e4 c5 2.Nf3 d6 3.d4 Nf6 4.Nc3 cxd4 5.Nxd4 a6 6.Be3 Ng4 7.Bg5 h6 8.Bh4 g5
9.Bg3 Bg7 10.Be2 h5 11.Bxg4 Bxg4 12.f3 Bd7 13.Bf2 e6 14.O-O Nc6 15.Nxc6 Bxc6
16.Bd4 Be5 17.Qd2 Qf6 18.Bxe5 dxe5 19.Qd6 Rd8 20.Qc5 Qg7 21.Rad1 Rxd1 22.Rxd1 f6
23.Qd6 Kf7 24.b3 Qf8 25.Qc7+ Qe7 26.Qb6 Rc8 27.Ne2 Qa3 28.Nc1 Qb2 29.Qf2 Be8
30.c4 Qxf2+ 31.Kxf2 b5 32.cxb5 Rc2+ 33.Kg1 Bxb5 34.a4 Be8 35.Kf1 Ke7 36.Ne2 Rb2
37.Rd3 Bc6 38.Rc3 Kd6 39.Rd3+ Kc7 40.Rc3 Kd6 41.Rd3+ Kc7 42.Rc3 Kb6 43.Nc1 a5
44.Nd3 Rb1+ 45.Kf2 Bb7 46.h3 h4  1/2-1/2

[Event "ST Lee Cup 4th"]
[Site "Beijing"]
[Date "1997.08.23"]
[Round "1"]
[White "Liu Dede"]
[Black "Oll, Lembit"]
[Result "0-1"]
[WhiteElo "2400"]
[BlackElo "2645"]

1.e4 c5 2.Nf3 d6 3.d4 Nf6 4.Nc3 cxd4 5.Nxd4 a6 6.f4 e6 7.Qf3 Qb6 8.Nb3 Qc7
9.g4 b5 10.g5 Nfd7 11.Bd3 Nc5 12.Bd2 Nbd7 13.Ne2 Rb8 14.Ng3 b4 15.O-O g6
16.Nxc5 Nxc5 17.b3 Bg7 18.Rac1 O-O 19.Bc4 Bb7 20.c3 Qb6 21.Rf2 d5 22.exd5 exd5
23.cxb4 dxc4 24.bxc5 Qxc5 25.Be3 Qe7 26.Qe2 Rfe8 27.Ba7 Qa3 28.Qd1 Rbd8 29.Qf1 Ra8
30.Bb6 Qd6 31.Ba5 Bd4 32.Rxc4 Qxf4 33.Rc7 Bd5 34.Rd7 Qxg5 35.Qd3 Qc1+ 36.Nf1 Qc5  0-1

[Event "ST Lee Cup 4th"]
[Site "Beijing"]
[Date "1997.08.30"]
[Round "6"]
[White "Oll, Lembit"]
[Black "Peng Xiaomin"]
[Result "1-0"]
[WhiteElo "2645"]
[BlackElo "2530"]

1.e4 e5 2.Nf3 Nc6 3.d4 exd4 4.Nxd4 Bc5 5.Be3 Qf6 6.c3 Nge7 7.Bc4 O-O 8.O-O Bb6
9.Na3 Nxd4 10.Bxd4 Bxd4 11.cxd4 d5 12.exd5 Nf5 13.Nc2 b6 14.Qf3 Qg5 15.Rfe1 Nd6
16.Bd3 Bb7 17.Re5 f5 18.Rae1 Rad8 19.Qe3 Qxe3 20.fxe3 a5 21.Rc1 g6 22.Na3 Rf7
23.b3 Kf8 24.Bb5 Rg7 25.Bc6 Ba6 26.h4 Nf7 27.Re6 Bc8 28.Nc4 h5 29.Kf2 g5
30.hxg5 Bxe6 31.dxe6 Nxg5 32.d5 Ne4+ 33.Kf3 Rg3+ 34.Kf4 Ke7 35.Rh1 Rdg8 36.Rxh5 R8g4+
37.Kxf5 Nf6 38.Rh8 Rg5+ 39.Kf4 R5g4+ 40.Ke5 Rxg2 41.d6+ cxd6+ 42.Nxd6 Rg5+
43.Nf5+ Rxf5+ 44.Kxf5 Rxa2 45.Rb8 Rf2+ 46.Ke5 Ng4+ 47.Ke4 Kxe6 48.Rxb6 Kd6
49.Ba4+ Ke7 50.Rb7+ Kd6 51.Rb5 Rf7 52.Kd4 Rf1 53.Rd5+ Ke7 54.Rxa5 Rd1+ 55.Ke4 Nf6+
56.Kf3 Kd6 57.Bb5 Rh1 58.Bc4 Rh4 59.Ra6+ Ke5 60.Re6+ Kf5 61.Re7  1-0

[Event "Maroczy mem"]
[Site "Szeged"]
[Date "1997.11.15"]
[Round "2"]
[White "Oll, Lembit"]
[Black "Atalik, Suat"]
[Result "1/2-1/2"]
[WhiteElo "2645"]
[BlackElo "2590"]

1.d4 Nf6 2.c4 g6 3.Nc3 d5 4.Nf3 Bg7 5.cxd5 Nxd5 6.e4 Nxc3 7.bxc3 c5 8.Rb1 O-O
9.Be2 cxd4 10.cxd4 Qa5+ 11.Bd2 Qxa2 12.O-O Na6 13.Bg5 h6 14.Bh4 g5 15.Bg3 Rd8
16.Rc1 Bg4 17.Bc4 Qb2 18.Rb1 Qxd4 19.Nxd4 Bxd1 20.Nf5 Bc2 21.Rxb7 Bxe4 22.Nxe7+ Kf8
23.Nc6 Bxc6 24.Rxf7+ Kg8 25.Rxa7+ Kh8 26.Rxa6 Rxa6 27.Bxa6 Ra8 28.Bd3 Ra1
29.Bd6 Rxf1+ 30.Kxf1 Bd4 31.Bf8 Bg7 32.Bc5 Be5 33.g3 Bf3 34.Bf8 Bg7 35.Be7 Kg8
36.Bc4+ Kh7 37.Be2 Bxe2+ 38.Kxe2 g4  1/2-1/2

[Event "US-op"]
[Site "Las Vegas"]
[Date "1997.??.??"]
[Round "4"]
[White "Zamora, Jorge"]
[Black "Oll, Lembit"]
[Result "0-1"]
[WhiteElo "2470"]
[BlackElo "2625"]

1.d4 d5 2.Nf3 Nf6 3.c4 c6 4.Nc3 e6 5.Bg5 Nbd7 6.cxd5 exd5 7.e3 Be7 8.Bd3 O-O
9.Qc2 Re8 10.O-O Nf8 11.Ne5 N6d7 12.Bxe7 Qxe7 13.Nxd7 Bxd7 14.e4 dxe4 15.Bxe4 Ng6
16.d5 Rac8 17.Rad1 cxd5 18.Bxd5 Qb4 19.Bxf7+  0-1

[Event "EU-chT (Men)"]
[Site "Pula"]
[Date "1997.??.??"]
[Round "2"]
[White "Oll, Lembit"]
[Black "Hoelzl, Franz"]
[Result "1-0"]
[WhiteElo "2625"]
[BlackElo "2415"]

1.d4 Nf6 2.Nf3 d5 3.c4 e6 4.g3 dxc4 5.Bg2 a6 6.O-O b5 7.Ne5 Nd5 8.a4 Bb7
9.b3 c3 10.e4 b4 11.exd5 Bxd5 12.Qh5 g6 13.Qh3 Bg7 14.Nxc3 bxc3 15.Ba3 Ra7
16.Rfe1 Rb7 17.Bxd5 Qxd5 18.Qh4 c6 19.Qf4 Bxe5 20.dxe5 c2 21.Bd6 c5 22.Rac1 Qxb3
23.Re2 Nc6 24.Qf6 Nd4 25.Qxh8+ Kd7 26.Rexc2 Nxc2 27.Qf8 Nd4 28.Qxf7+ Kc6
29.Rxc5+ Kb6 30.Rc7 Qb1+ 31.Kg2 Qe4+ 32.f3 Qc2+ 33.Rxc2  1-0

[Event "EU-chT (Men)"]
[Site "Pula"]
[Date "1997.??.??"]
[Round "9"]
[White "Oll, Lembit"]
[Black "Blatny, Pavel"]
[Result "1-0"]
[WhiteElo "2625"]
[BlackElo "2540"]

1.d4 d5 2.Nf3 e6 3.g3 Nd7 4.Bg2 b5 5.e4 dxe4 6.Ng5 Bb7 7.O-O Ngf6 8.Nc3 Rb8
9.a3 Be7 10.Qe2 O-O 11.Rd1 e3 12.Bxe3 Bxg2 13.Kxg2 Nd5 14.Nxd5 exd5 15.Nf3 Bd6
16.Ne5 Qe8 17.Nc6 Rb6 18.Nb4 Qe4+ 19.Qf3 Qxf3+ 20.Kxf3 Bxb4 21.axb4 a6 22.Bf4 Rc6
23.c3 Re8 24.Re1 Kf8 25.g4 f6 26.h4 Rxe1 27.Rxe1 Kf7 28.g5 fxg5 29.hxg5 Re6
30.Rh1 Nb6 31.Rxh7 Na4 32.Be5 Rg6 33.Kg4 Kg8 34.Rh2 Nxb2 35.f4 Nc4 36.f5 Rc6
37.g6 Nd6 38.f6 gxf6 39.Bxf6 Nf7 40.gxf7+ Kxf7 41.Be5 Ke8 42.Rh8+ Kd7 43.Rh7+ Kc8  1-0

[Event "Keres mem"]
[Site "Tallinn/ Parnu"]
[Date "1998.06.22"]
[Round "4"]
[White "Short, Nigel D"]
[Black "Oll, Lembit"]
[Result "1-0"]
[WhiteElo "2660"]
[BlackElo "2645"]

1.e4 c5 2.Nc3 d6 3.f4 Nc6 4.Nf3 g6 5.Bc4 Bg7 6.O-O e6 7.d3 Nge7 8.Qe1 O-O
9.f5 d5 10.Bb3 c4 11.dxc4 d4 12.f6 Bxf6 13.e5 Bg7 14.Ne4 Nxe5 15.Nxe5 Bxe5
16.Bg5 f5 17.Qh4 Rf7 18.Nf6+ Bxf6 19.Bxf6 Qf8 20.Bxd4 Nc6 21.Be3 Qe7 22.Qxe7 Rxe7
23.c5 Kg7 24.Bg5 Re8 25.Rad1 h6 26.Bd2 e5 27.Bc3 Be6 28.Bxe6 Rxe6 29.Rd7+ Re7
30.Rxe7+ Nxe7 31.Bxe5+ Kf7 32.Rd1 Nc6 33.Bc7 Re8 34.Kf2 Re7 35.Bd6 Re4 36.c3 a5
37.b3 a4 38.Bc7 Re7 39.Bb6 axb3 40.axb3 f4 41.b4 Ne5 42.Bd8 Re8 43.Bc7 Kf6
44.Bxe5+ Rxe5 45.Rd7 Re3 46.c4 Rc3 47.Rxb7 Rxc4 48.Ke2 Rc2+ 49.Kd3 Rxg2 50.c6 Ke6
51.b5 f3 52.c7 Kd7 53.b6  1-0

[Event "Nova Gorica op"]
[Site "Nova Gorica"]
[Date "1999.02.02"]
[Round "6"]
[White "Atalik, Suat"]
[Black "Oll, Lembit"]
[Result "1-0"]
[WhiteElo "2593"]
[BlackElo "2630"]

1.d4 Nf6 2.c4 e6 3.Nf3 b6 4.g3 Ba6 5.b3 Bb4+ 6.Bd2 Bxd2+ 7.Qxd2 Bb7 8.Bg2 c5
9.dxc5 bxc5 10.Nc3 O-O 11.O-O Qe7 12.Rfd1 Rd8 13.Qd6 Qxd6 14.Rxd6 Ne8 15.Rd3 Kf8
16.Rad1 Ke7 17.Na4 Rc8 18.Ne5 Bxg2 19.Rxd7+ Nxd7 20.Rxd7+ Kf6 21.f4 Rc7 22.Kxg2 Rxd7
23.Nxd7+ Ke7 24.Ndxc5 Rd8 25.Nd3 Nd6 26.Kf3 Nf5 27.Nc3 h5 28.Ne5 Nd4+ 29.Ke3 f6
30.Nd3 Nc2+ 31.Ke4 a5 32.Nb5 f5+ 33.Kf3 Nb4 34.Nxb4 axb4 35.a3 bxa3 36.Nxa3 Kd6
37.b4 Ra8 38.Nb5+ Kd7 39.Nd4 Ra4 40.Nc2 Ra2 41.Ne1 Ra3+ 42.Nd3 Rc3 43.b5 Kd6
44.c5+ Kd5 45.b6 Rb3 46.Kg2 Rb1 47.Kh3 Kc6 48.Kh4 Rg1 49.Ne5+ Kb7 50.Kxh5 Rg2
51.Kg6 Rxh2 52.Kxg7 Rxe2 53.Kf6 Rg2 54.Kf7 Rxg3 55.Kxe6  1-0